header

Multicultural student services on campus (Record no. 248109)

MARC details
000 -LEADER
fixed length control field 03284nam a2200385 a 4500
082 04 - DEWEY DECIMAL CLASSIFICATION NUMBER
Classification number 378.1/97089
245 00 - TITLE STATEMENT
Title Multicultural student services on campus
250 ## - EDITION STATEMENT
Edition statement 1st ed.
260 ## - PUBLICATION, DISTRIBUTION, ETC. (IMPRINT)
Place of publication Sterling, Va. :
Name of publisher Stylus Pub.,
Year of publication 2011.
300 ## - PHYSICAL DESCRIPTION
Number of Pages xi, 323 p.
490 1# - SERIES STATEMENT
Series statement ACPA publication
505 0# - FORMATTED CONTENTS NOTE
Formatted contents note Remembering our past to shape our future / V. Leilani Kupo -- Historical & philosophical development of multicultural student services / Bettina C. Shuford -- A demographic profile of multicultural student services / Dafina Lazarus Stewart & Brian K. Bridges -- Engaging race in multicultural student services / Lori Patton, Jessica Ranero & Kimberly Everett -- Engaging sexual orientation & gender diversity in multicultural student services / Nicholas Negrete & Christopher Purcell -- Engaging religious & faith diversity in multicultural student services / Jenny L. Small -- Bridging integrated identities to integrated services / Mary Grace Almandrez & Felicia J. Lee -- Multicultural student services at private, liberal arts colleges / Kimberly M. Ferguson & Timeka L. Thomas-Rashid -- Multicultural student services at public institutions / Dorian McCoy -- Multicultural student services at community colleges / Eboni Zamani-Gallaher & Stanley Bazile -- Multicultural student services at minority-serving institutions: historically black institutions / Kevin D. Rome -- Multicultural student services at minority-serving institutions: tribal colleges / Les D. Riding & Robert Longwell-Grice -- Negotiating purpose & context / Becky Petitt & David McIntosh -- Developing collaborations within student affairs / Walter M. Kimbrough & Caretta Cooke -- Developing collaborations with academic affairs / Corinne Maekawa Kodama & Kisa Takesue -- Working with the majority / Jamie Washington -- Preparing diversity change leaders / C. Carney Strange & Dafina Lazarus Stewart -- Multicultural competency & social justice advocacy / Robert Reason & Kenjus T. Watson -- Re-visioning the future of multicultural student services / Kathleen Manning & Frank Michael Mu�noz.
650 #0 - SUBJECT ADDED ENTRY--TOPICAL TERM
Topical Term Minority college students
Topical Term Minorities
700 1# - ADDED ENTRY--PERSONAL NAME
Personal name Stewart, Dafina Lazarus,
856 40 - ELECTRONIC LOCATION AND ACCESS
Uniform Resource Identifier http://site.ebrary.com/lib/rucke/Doc?id=10545737

No items available.

© 2026 Rongo University
Contact us: librarian | system librarian | Rongo university